000 00706pam a2200241 a 4500
001 2068211
005 20180112071906.0
008 940408s1994 nyua 001 0aeng
010 _a 94013829
020 _a0025196359 :
_c$25.00 U.S. ($32.50 Can.)
040 _aDLC
_cDLC
_dDLC
041 _aeng
043 _an-us---
080 _a973.9280922 BAR
082 0 0 _a973.9280922 BAR
_220
100 1 _a22
101 _aPOL
245 1 0 _aBarbara Bush :
_cBarbara Bush.
906 _a7
_bcbc
_corignew
_d1
_eocip
_f19
_gy-gencatlg
942 _2ddc
_cBK
999 _c40211
_d40211